Taylor Swift - Chansons de Taylor Swift par longueur des titres - Statistiques

Statistiques générales
  • Ce quiz a été pris 23 fois
  • Le résultat moyen est 8 sur 10
Statistiques - réponses
Nombre de
caractères
Chansons % Correct
7 Our Song
93%
8 Cold as You
86%
13 Picture To Burn / Stay Beautiful
86%
19 Teardrops On My Guitar / A Perfectly Good Heart
86%
9 Tim McGraw / Invisible
86%
17 A Place In This World / Mary's Song (Oh My, My My)
79%
21 I'm Only Me When I'm With You
79%
14 Should've Said No
79%
10 The Outside
79%
22 Tied Together With a Smile
79%
Aucun quiz correspondant
Distribution des résultats
% des personnes avec chaque résultat
Percentile par nombre de réponses
Votre historique - résultats
Vous n’avez pas pris ce quiz